Online
Catalog

Manual de prácticas investigación biomédica : (Record no. 19776)

MARC details
000 -CABECERA
campo de control de longitud fija 01843nam a2200289 a 4500
001 - NÚMERO DE CONTROL
campo de control 000020272
003 - IDENTIFICADOR DEL NÚMERO DE CONTROL
campo de control DO-SdBNP
005 - FECHA Y HORA DE LA ÚLTIMA TRANSACCIÓN
campo de control 20260529121551.0
008 - DATOS DE LONGITUD FIJA--INFORMACIÓN GENERAL
campo de control de longitud fija 090708s2006 dr a 000 0 spa d
020 ## - NÚMERO INTERNACIONAL ESTÁNDAR DEL LIBRO
Número Internacional Estándar del Libro 9993479969
040 ## - FUENTE DE LA CATALOGACIÓN
Centro catalogador/agencia de origen DO-SdBNP
Lengua de catalogación spa
Centro/agencia transcriptor BNPHU
082 ## - NÚMERO DE LA CLASIFICACIÓN DECIMAL DEWEY
Número de clasificación 610.724
Número de documento/Ítem G633m
100 1# - ENTRADA PRINCIPAL--NOMBRE DE PERSONA
Nombre de persona Gómez Montero, Franklin J.
9 (RLIN) 2149
245 10 - MENCIÓN DE TÍTULO
Título Manual de prácticas investigación biomédica :
Resto del título en el contexto post-moderno /
Mención de responsabilidad, etc. Franklin J. Gómez Montero, Manuel E. Colomé Hidalgo, Héctor A. Madera Rosario.
260 ## - PUBLICACIÓN, DISTRIBUCIÓN, ETC.
Lugar de publicación, distribución, etc. Santo Domingo :
Nombre del editor, distribuidor, etc. Buho,
Fecha de publicación, distribución, etc. 2006.
300 ## - DESCRIPCIÓN FÍSICA
Extensión 98 p. :
Otras características físicas il. ;
Dimensiones 25 cm.
504 ## - NOTA DE BIBLIOGRAFÍA, ETC.
Nota de bibliografía, etc. Bibliografías : p. 97-98
505 0# - NOTA DE CONTENIDO CON FORMATO
Nota de contenido con formato Macro tendencias, nuevos paradigmas y epistemología -- Ciencia, concepto y clasificación -- Conocimiento y método científico --La investigación científica en ciencias de la salud -- El problema de investigación -- Objetivos de la investigación -- La investigación bibliográfica biomédica --Fundamentos teorías y conceptos de la investigación cientifíca -- Hipótesis en investigación -- Variables en investigación -- El diseño metodológico de la investigación -- Recolección y procesamiento de datos -- Análisis y discusón de resultados -- El protocolo de investigación -- Proyecto y diseño de la investigación en salud -- El informe final de la investigación -- La medida basada en la evidencia -- Principios éticos en la investigación biomédica.
650 #0 - PUNTO DE ACCESO ADICIONAL DE MATERIA--TÉRMINO DE MATERIA
Término de materia o nombre geográfico como elemento de entrada Ciencias médicas
Subdivisión general Investigaciones
Subdivisión de forma Manuales
9 (RLIN) 10505
650 #4 - PUNTO DE ACCESO ADICIONAL DE MATERIA--TÉRMINO DE MATERIA
Término de materia o nombre geográfico como elemento de entrada Medicina
Subdivisión general Investigaciones
Subdivisión de forma MANUALES
9 (RLIN) 10506
650 #4 - PUNTO DE ACCESO ADICIONAL DE MATERIA--TÉRMINO DE MATERIA
Término de materia o nombre geográfico como elemento de entrada Investigación científica
Subdivisión de forma Manuales
9 (RLIN) 10507
650 #4 - PUNTO DE ACCESO ADICIONAL DE MATERIA--TÉRMINO DE MATERIA
Término de materia o nombre geográfico como elemento de entrada Metodología científica
Subdivisión de forma MANUALES
9 (RLIN) 10508
700 12 - PUNTO DE ACCESO ADICIONAL--NOMBRE DE PERSONA
Nombre de persona Colomé Hidalgo, Manuel E.
9 (RLIN) 2153
700 12 - PUNTO DE ACCESO ADICIONAL--NOMBRE DE PERSONA
Nombre de persona Madera Rosario, Héctor A.
9 (RLIN) 42901
910 ## - DATOS DE OPCIÓN DEL USUARIO (OCLC)
Datos de opción del usuario Validado. Control de calidad MFF
942 ## - ELEMENTOS DE PUNTO DE ACCESO ADICIONAL (KOHA)
Fuente del sistema de clasificación o colocación Dewey Decimal Classification
Tipo de ítem Koha Libro
Holdings
Estado de retiro Estado de pérdida Restricciones de uso No para préstamo Código de colección Localización permanente Ubicación/localización actual Ubicación en estantería Fecha de adquisición Número de inventario Total de préstamos Signatura topográfica completa Código de barras Fecha visto por última vez Número de copia Precio válido a partir de Tipo de ítem Koha
        Dominicana de Servicio General General Depósito 15.02.2011 LF1   610.724 G633m 20272-30 25.06.2020 e. 3 25.06.2020 Libro y Folleto Colección Dominicana de Servicio
        Dominicana de Servicio General General Depósito 15.02.2011 LF1   610.724 G633m 20272-40 25.06.2020 e. 4 25.06.2020 Libro y Folleto Colección Dominicana de Servicio
        Dominicana de Servicio General General Depósito 16.02.2011 LF1   610.724 G633m 20272-50 25.06.2020 e. 5 25.06.2020 Libro y Folleto Colección Dominicana de Servicio
      Excluido de préstamo Patrimonio Dominicano Patrimonio Dominicano Patrimonio Dominicano Depósito 15.02.2011 LF1   610.724 G633m 20272-10 25.06.2020   25.06.2020 Libro y Folleto Colección Patrimonio Dominicano
      Excluido de préstamo Patrimonio Dominicano Patrimonio Dominicano Patrimonio Dominicano Depósito 15.02.2011 LF1   610.724 G633m 20272-20 25.06.2020 e. 2 25.06.2020 Libro y Folleto Colección Patrimonio Dominicano

Powered by Koha